| 000 | 00425cam a22001692a 4500 | ||
|---|---|---|---|
| 001 | 001325 | ||
| 003 | AR-FADEU | ||
| 008 | 311216nabri####xxu####################dd | ||
| 100 | _aDuscovich, Paula | ||
| 245 | _aEndocarditis infecciosa | ||
| 260 | _bUniversidad Nacional del Comahue | ||
| 260 | _aNeuquén | ||
| 260 | _cabril 2007 | ||
| 440 | _aPrácticas Profesionales | ||
| 650 | _aMEDICINA/TRADUC/ | ||
| 942 | _cFOLLETO | ||
| 999 |
_c1812 _d1812 |
||